Suïcidi, manual d'ús (Record no. 185578)

MARC details
000 -LEADER
campo de control de longitud fija 01014nam a2200265 i 4500
001 - NÚMERO DE CONTROL
campo de control 185578
003 - IDENTIFICADOR DE NÚMERO DE CONTROL
campo de control SpMaBN
005 - FECHA Y HORA DE LA ÚLTIMA TRANSACCIÓN
campo de control 20250821085502.0
008 - DATOS DE LONGITUD FIJA--INFORMACIÓN GENERAL
campo de control de longitud fija 160719s1991 sp |||| | cat d
020 ## - NÚMERO INTERNACIONAL ESTÁNDAR DEL LIBRO
Número Internacional Estándar del Libro 84-87561-10-1
080 ## - NÚMERO DE LA CLASIFICACIÓN DECIMAL UNIVERSAL
Número de la Clasificación Decimal Universal 343.61(091)
080 ## - NÚMERO DE LA CLASIFICACIÓN DECIMAL UNIVERSAL
Número de la Clasificación Decimal Universal 616.89
100 1# - ENTRADA PRINCIPAL--NOMBRE DE PERSONA
Nombre de persona Guillon, Claude,
Fechas asociadas al nombre 1952-
9 (RLIN) 160166
245 10 - MENCIÓN DEL TÍTULO
Título Suïcidi, manual d'ús
Resto del título : història, tècnica, actualitat /
Mención de responsabilidad, etc. Claude Guillon, Yves Le Bonniec ; traducció de LLuís Massanet ; adaptació als aspectes jurídics i farmacològics de l'Estat espanyol de Bernat López ; redacció del capítol V de Bernat López.
250 ## - MENCION DE EDICION
Mención de edición 1ª ed.
260 ## - PUBLICACIÓN, DISTRIBUCIÓN, ETC.
Lugar de publicación, distribución, etc. Badalona, Barcelona :
Nombre del editor, distribuidor, etc. Llibres de l'Índex,
Fecha de publicación, distribución, etc. 1991.
300 ## - DESCRIPCIÓN FÍSICA
Extensión 295 p. ;
Dimensiones 22 cm.
490 1# - MENCIÓN DE SERIE
Mención de serie Descoberta ;
Designación de volumen o secuencia 6
650 07 - PUNTO DE ACCESO ADICIONAL DE MATERIA--TÉRMINO DE MATERIA
Término de materia o nombre geográfico como elemento de entrada Suicidio
Fuente del encabezamiento o término embne
9 (RLIN) 17259
700 1# - ENTRADA AGREGADA--NOMBRE PERSONAL
Nombre de persona Le Bonniec, Yves.
9 (RLIN) 160167
700 1# - ENTRADA AGREGADA--NOMBRE PERSONAL
Nombre de persona López, Bernat.
9 (RLIN) 160168
830 0# - PUNTO DE ACCESO ADICIONAL DE SERIE-TÍTULO UNIFORME
Título uniforme Descoberta ;
Designación de volumen o secuencia 6
9 (RLIN) 225245
852 ## - LOCALIZACIÓN
Ubicación ES-MaACL
Número de control de estantería L-30450
Nota libre . - Donat. Miguel A. Velasco
Holdings
Estatus retirado Estado de pérdida Estado de daño No para préstamo Biblioteca de origen Biblioteca actual Ubicación en estantería Fecha de adquisición Fuente de adquisición Total de préstamos Signatura topográfica completa Código de barras Visto por última vez Precio de reemplazo Tipo de ítem Koha
        Biblioteca del Ateneo de Madrid Biblioteca del Ateneo de Madrid Depósito 2 19/07/2016     L-30450 1195616 23/02/2023 23/02/2023 Libro impreso